[Event "El Vendrell op 4th"]
[Site "El Vendrell"]
[Date "2024.07.13"]
[Round "8"]
[White "Ano Pla, Gerard"]
[Black "Tripulskiy, Mark"]
[Result "1-0"]
[WhiteElo "2161"]
[BlackElo "2015"]
[PlyCount "88"]
[EventDate "2024.07.13"]
[EventType "swiss"]
[EventRounds "9"]
[EventCountry "ESP"]
[SourceTitle "CB30_2024"]
[SourceDate "2024.07.24"]
[SourceVersion "1"]
[SourceVersionDate "2024.07.24"]
[SourceQuality "1"]

1. d4 c5 2. d5 e5 3. c4 d6 4. e4 Nf6 5. Nc3 Be7 6. g3 0-0 7. Bg2 Ne8 8. Nge2 Nd7 9. 0-0 g6 10. f4 Ng7 11. Be3 f5 12. Qd2 Qe8 13. Rae1 Bd8 14. Nc1 a6 15. a4 Rb8 16. Nd3 Bf6 17. Kh1 b6 18. Re2 Rf7 19. Rfe1 Re7 20. Bh3 Nf8 21. fxe5 dxe5 22. Bg2 Bb7 23. a5 Nd7 24. axb6 Nxb6 25. b3 Nd7 26. Nxc5 Nxc5 27. Bxc5 Rd7 28. Be3 Ba8 29. Qc2 Rf7 30. Bg1 f4 31. gxf4 Bh4 32. Bf2 Rxf4 33. c5 Bxf2 34. Rxf2 Rxf2 35. Qxf2 Rxb3 36. Qc2 Rb4 37. Rb1 Rc4 38. c6 Nh5 39. Qb3 Rd4 40. Qb8 Qxb8 41. Rxb8+ Kg7 42. Rxa8 Rd3 43. c7 Rxc3 44. c8Q Rxc8 1-0

[Event "Torredembarra op 23rd"]
[Site "Torredembarra"]
[Date "2023.07.09"]
[Round "9"]
[White "Ano Pla, Gerard"]
[Black "Lacasa Diaz, Jose Antonio"]
[Result "1/2-1/2"]
[WhiteElo "2179"]
[BlackElo "2360"]
[PlyCount "46"]
[EventDate "2023.07.01"]
[EventType "swiss"]
[EventRounds "9"]
[EventCountry "ESP"]
[SourceTitle "CBM 215 Extra"]
[Source "ChessBase"]
[SourceDate "2023.09.30"]
[SourceVersion "1"]
[SourceVersionDate "2023.09.30"]
[SourceQuality "1"]

1. d4 d5 2. c4 e6 3. Nc3 c5 4. e3 Nf6 5. Nf3 Nc6 6. a3 a6 7. dxc5 Bxc5 8. b4 Bd6 9. Bb2 0-0 10. Qc2 dxc4 11. Bxc4 b5 12. Bd3 Bb7 13. Rd1 Rc8 14. 0-0 Qe7 15. Ne4 Nxe4 16. Bxe4 Nd4 17. Qd3 Nxf3+ 18. gxf3 Bxh2+ 19. Kxh2 Qh4+ 20. Kg2 Qg5+ 21. Kh2 Qh4+ 22. Kg2 Qg5+ 23. Kh2 Qh4+ 1/2-1/2

[Event "Lleida Christmas op"]
[Site "Lleida"]
[Date "2022.12.30"]
[Round "7"]
[White "Ano Pla, Gerard"]
[Black "Rene Villalba, Mireia"]
[Result "1-0"]
[WhiteElo "2143"]
[BlackElo "1406"]
[PlyCount "35"]
[EventDate "2022.12.27"]
[EventType "swiss"]
[EventRounds "8"]
[EventCountry "ESP"]
[SourceTitle "CBM 212 Extra"]
[Source "ChessBase"]
[SourceDate "2023.03.31"]
[SourceVersion "1"]
[SourceVersionDate "2023.03.31"]
[SourceQuality "1"]

1. d4 e6 2. c4 Nf6 3. Nc3 b6 4. e4 d5 5. e5 Nfd7 6. cxd5 exd5 7. Nxd5 Bb7 8. Bc4 c6 9. Nc3 c5 10. Nf3 Nc6 11. Ng5 Na5 12. Bxf7+ Ke7 13. Qg4 Qb8 14. Qe6+ Kd8 15. Qe8+ Kc7 16. Nb5+ Kc6 17. a4 Qxe8 18. d5# 1-0

[Event "Catalunya-chT Gp2"]
[Site "Barcelona"]
[Date "2022.03.12"]
[Round "8.7"]
[White "Flores Mendoza, Jose Antonio"]
[Black "Ano Pla, Gerard"]
[Result "0-1"]
[WhiteElo "1973"]
[BlackElo "2133"]
[PlyCount "64"]
[EventDate "2022.01.22"]
[EventType "team-tourn"]
[EventRounds "9"]
[EventCountry "ESP"]
[SourceTitle "CBM 208 Extra"]
[Source "ChessBase"]
[SourceDate "2022.07.31"]
[SourceVersion "1"]
[SourceVersionDate "2022.07.31"]
[SourceQuality "1"]
[WhiteTeam "Platja D'Aro"]
[BlackTeam "Valls"]
[WhiteTeamCountry "ESP"]
[BlackTeamCountry "ESP"]

1. d4 d5 2. c4 e6 3. a3 Nf6 4. Bg5 Be7 5. e3 0-0 6. Nf3 b6 7. Nc3 Ba6 8. b4 Bxc4 9. Bxc4 dxc4 10. Qe2 c6 11. Qxc4 b5 12. Qb3 a5 13. 0-0 axb4 14. axb4 Na6 15. Ne5 Nxb4 16. Rxa8 Qxa8 17. Bxf6 gxf6 18. Nd7 Rd8 19. Nxf6+ Bxf6 20. Qxb4 Qa7 21. g3 Be7 22. Qb1 b4 23. Ne4 Rb8 24. Rc1 b3 25. Rxc6 b2 26. Nc3 Qa1 27. Kg2 Bb4 28. Qe4 Bxc3 29. Qg4+ Kh8 30. Qf4 b1Q 31. Qf6+ Kg8 32. Qg5+ Qg6 0-1